Normal view
MARC view
Entry Topical Term
001 - CONTROL NUMBER
- control field: 10936
003 - CONTROL NUMBER IDENTIFIER
- control field: OSt
005 - DATE AND TIME OF LATEST TRANSACTION
- control field: 20160830130419.0
008 - FIXED-LENGTH DATA ELEMENTS
- fixed length control field: 160830|| aca||aabn | a|a d
040 ## - CATALOGING SOURCE
- Original cataloging agency: OSt
- Transcribing agency: OSt
150 ## - HEADING--TOPICAL TERM
- Topical term or geographic name entry element: MCQs in Obstetrics
670 ## - SOURCE DATA FOUND
- Source citation: Work cat.: (OSt): Bottomley, Cecelia; Rymer, Janice 10935, 100 Cases in Obstetrics and Gynaecology
